Central Library OPAC University of Rajshahi

An Arab philosophy of history : (Record no. 22255)

MARC details
000 -LEADER
fixed length control field 00932nam a22002771 4500
001 - CONTROL NUMBER
control field 22255
003 - CONTROL NUMBER IDENTIFIER
rucl marc code BD-RjUL
005 - DATE AND TIME OF LATEST TRANSACTION
control field 20211209000803.0
008 - FIXED-LENGTH DATA ELEMENTS--GENERAL INFORMATION
fixed length control field 140306s19631950enk b 001 0 eng
035 ## - SYSTEM CONTROL NUMBER
System control number (BD-RjUL)22320
System control number (OCoLC)397257
040 ## - CATALOGING SOURCE
Original cataloging agency DLC
Transcribing agency ODaWU
Modifying agency OCoLC
-- DLC
-- BD-RjUL
Language of cataloging eng
041 1# - LANGUAGE CODE
Language code of text/sound track or separate title engara
082 ## - DEWEY DECIMAL CLASSIFICATION NUMBER
Classification number 953.09
Author mark and year IBA 1963
100 0# - MAIN ENTRY--PERSONAL NAME
Personal name Ibn Khaldūn,
Dates associated with a name 1332-1406.
9 (RLIN) 68588
245 13 - TITLE STATEMENT
Title An Arab philosophy of history :
Remainder of title selections from the Prolegomena of Ibn Khaldun of Tunis (1332-1406) /
Statement of responsibility, etc. Translated and arr. by Charles Issawi.
250 ## - EDITION STATEMENT
Edition statement 1st ed.
260 ## - PUBLICATION, DISTRIBUTION, ETC. (IMPRINT)
Place of publication, distribution, etc. London :
Name of publisher, distributor, etc. John Murray,
Date of publication, distribution, etc. 1963, 1950.
300 ## - PHYSICAL DESCRIPTION
Pagination xiv, 190 p. ;
Size 18 cm.
504 ## - BIBLIOGRAPHY, ETC. NOTE
Bibliography, etc Bibliography: p. 181-182. and index.
650 #0 - SUBJECT ADDED ENTRY--TOPICAL TERM
Topical term or geographic name as entry element History
General subdivision Philosophy
-- Early works to 1800.
9 (RLIN) 68699
700 ## - ADDED ENTRY--PERSONAL NAME
Personal name Issawi, Charles
942 ## - ADDED ENTRY ELEMENTS (KOHA)
Source of classification or shelving scheme Dewey Decimal Classification
Koha item type Books
Holdings
Lost status Source of classification or shelving scheme Damaged status Not for loan Collection code Permanent Location Current Location Shelving location Date acquired Source of acquisition Cost, normal purchase price Total Checkouts Full call number Date last seen Copy number Koha item type Date checked out
  Dewey Decimal Classification     Non-fiction Central Library, University of Rajshahi Central Library, University of Rajshahi   01/10/1965 Zitlinger 9.60   953.09 IBA 1963 06/03/2014 C-8 Books  
  Dewey Decimal Classification     Non-fiction Central Library, University of Rajshahi Central Library, University of Rajshahi   12/01/1965 zeitlinger 9.00 1 953.09 IBA 1963 08/12/2022 C-2 Books 23/11/2022
  Dewey Decimal Classification     Non-fiction Central Library, University of Rajshahi Central Library, University of Rajshahi   09/06/1955 Grenich 3.15   953.09 IBA 1950 29/11/2016 C-3 Books